Rosco de Pasapalabra #57 - Estadísticas

Estadísticas generales
  • Esta prueba ha sido intentada 248 veces
  • La puntuación promedio es 14 de 25
Estadísticas de respuestas
Inicial Definición Respuesta % Correcto
B Hacer lo necesario para encontrar algo o a alguien Buscar
96%
D Defecto de la vista que consiste en no percibir determinados colores o en confundir algunos de ellos Daltonismo
94%
F Loncha delgada de carne magra o de pescado limpio de raspas Filete
86%
R Dar a alguien o a algo un aspecto más joven Rejuvenecer
86%
A Dolores musculares que se sienten tras un esfuerzo intenso y no habitual Agujetas
85%
Contiene la Q Mechón de pelo que cae sobre la frente Flequillo
84%
H Pieza de metal con un clavo articulado en una varilla, que sirve para sujetar una correa o cinturón Hebilla
81%
O Interjección de entusiasmo usada para animar y aplaudir, habitual en el toreo y en espectáculos de flamenco Olé
80%
J Natural del país americano con capital en Kingston Jamaicano
78%
Contiene la Ñ Cartera pequeña que se lleva sujeta a la cintura Riñonera
76%
Contiene la X Pies y manos del ser humano Extremidades
73%
S Se dice de la persona que dice o expresa lo que realmente piensa o siente, sin fingimiento Sincero
72%
V Participio del verbo venir Venido
72%
Contiene la Y Introducir en el cuerpo, con una aguja unida a una jeringuilla, un líquido o una disolución de un medicamento Inyectar
71%
C Fenómeno de unirse dos palabras en una, con pérdida de alguna vocal, como en "al" o "del" Contracción
59%
L Medida itineraria que, en el antiguo sistema español, equivale aproximadamente a cinco kilómetros y medio Legua
58%
M Persona que supuestamente adivina el pensamiento o realiza hechos sorprendentes con el poder de su mente Mentalista
57%
T En la mitología escandinava, monstruo maligno que habita en bosques o grutas Trol
43%
E Articular, distribuir u ordenar las partes de un conjunto Estructurar
17%
I Resistencia que presenta un circuito a una corriente alterna Impedancia
17%
Z Fiesta bulliciosa con baile que se hacía entre los moriscos Zambra
8%
N Estanque pequeño donde se tienen peces Nansa
5%
U Astronomía descriptiva Uranografía
5%
G Título de la película de 1983, dirigida por Bruno Barreto y protagonizada por Sônia Braga y Marcello Mastroianni Gabriela
4%
P Apellido del atleta que ganó la medalla de oro en la prueba de 50 kilómetros marcha en los Juegos Olímpicos de 1964 Pamich
3%
No se encontraron pruebas coincidentes
Distribución de puntuación
Porcentaje de gente con cada puntuación
Porcentaje por número respondido
Historial de tus puntuaciones
No has intentado esta prueba.